[Event "Fremont Weibel Qualifier"]
[White "Chien, Edward"]
[Black "Chiou, Joshua"]
[Site "Fremont"]
[Round "4"]
[Result "1-0"]
[Date "2001.01.27"]
[WhiteElo "1147"]
[BlackElo "675"]
[PlyCount "35"]
[EventDate "2001.01.27"]
[EventType "swiss"]
[EventRounds "5"]
[EventCountry "USA"]
[SourceTitle "EXT 2009"]
[Source "ChessBase"]
[SourceDate "2008.11.26"]
[SourceVersion "1"]
[SourceVersionDate "2008.11.26"]
[SourceQuality "1"]

1. e4 e5 2. d4 Nc6 3. dxe5 Nxe5 4. f4 Nc6 5. Nf3 Nf6 6. Bc4 Bc5 7. e5 Ne4 8. Qd5 0-0 9. Qxe4 Re8 10. Nc3 d6 11. Bd2 dxe5 12. 0-0-0 Bg4 13. Bxf7+ Kxf7 14. Qc4+ Kf8 15. Qxc5+ Kg8 16. Qc4+ Kf8 17. Ng5 Bxd1 18. Qf7# 1-0